Code civil portugais du 1er Juillet 1867
Saved in:
| Main Authors: | , |
|---|---|
| Format: | Bog |
| Sprog: | fransk |
| Udgivet: |
París
Nationale
1896
|
| Fag: | |
| Tags: |
Tilføj Tag
Ingen Tags, Vær først til at tagge denne postø!
|
MARC
| LEADER | 00000nam a2200000 a 4500 | ||
|---|---|---|---|
| 001 | UCS1764 | ||
| 003 | CL-VaPUC | ||
| 008 | 970515e18960000FR |||||||||||||||||fre|d | ||
| 082 | 0 | 4 | |a 346.469 |b LAN |2 21 |
| 100 | 0 | |a Laneyrie, G |e author |9 386523 | |
| 700 | 0 | |a Dubois, Joseph |e author |9 386524 | |
| 245 | 1 | 0 | |a Code civil portugais du 1er Juillet 1867 |
| 300 | |a 750 p | ||
| 942 | |c BK | ||
| 945 | |d 19970515 00:00:00 |a paguirre | ||
| 260 | |a París |b Nationale |c 1896 | ||
| 650 | 0 | |a Derecho civil |9 255013 | |
| 650 | 0 | |a Códigos |9 352314 | |
| 650 | 7 | |a PERSONA |2 CL-VaPUC |9 327934 | |
| 650 | 0 | |a Personas jurídicas |9 257259 | |
| 650 | 7 | |a DOMICILIO |2 CL-VaPUC |9 371886 | |
| 650 | 0 | |a Derecho de familia |9 255603 | |
| 650 | 7 | |a MATRIMONIO |2 CL-VaPUC |9 386525 | |
| 650 | 0 | |a Filiación |9 256647 | |
| 650 | 0 | |a Obligaciones |9 255578 | |
| 650 | 0 | |a Contratos |9 255153 | |
| 650 | 0 | |a Bienes |9 255749 | |
| 650 | 0 | |a Propiedad |9 255268 | |
| 650 | 0 | |a Derecho sucesorio |9 255015 | |
| 651 | 7 | |a PORTUGAL |2 CL-VaPUC |9 255007 | |
| 583 | |a last modification |c 19970515 00:00:00 |k Rodrigo Vera | ||
| 999 | |c 259796 |d 259794 | ||
| 952 | |0 0 |1 0 |4 0 |6 346_469000000000000_LAN_1896 |7 0 |8 X |9 285160 |a BIBDER |b BIBDER |d 2019-11-19 |i 1850997 |o 346.469 LAN 1896 |p 1850997 |r 2023-01-25 |w 2019-11-19 |y BK_X |k DER | ||